Baby Names: 'G' Girl Names by Decade Quiz Stats

Quiz Updated May 9, 2014

Challenge
Share
Tweet
Embed
Score 0/65 Timer 08:00
6 Plays Today
Decade name % Correct
1880sGrace
76%
1890sGrace
76%
1900sGrace
76%
1910sGrace
76%
1920sGrace
76%
1930sGrace
76%
1990sGrace
76%
2000sGrace
76%
1980sGrace
75.4%
1960sGina
71.4%
1970sGina
71.3%
1980sGina
71.3%
1990sGina
71.3%
1880sGeorgia
60.8%
1890sGeorgia
60.8%
1900sGeorgia
60.8%
1930sGeorgia
60.8%
1940sGeorgia
60.8%
1990sGabrielle
60.6%
2000sGabrielle
60.6%
1920sGloria
59.9%
1930sGloria
59.9%
1940sGloria
59.9%
1950sGloria
59.9%
1960sGloria
59.9%
1970sGloria
59.9%
1980sGabrielle
59.4%
1980sGloria
59.3%
1880sGertrude
57.8%
1890sGertrude
57.8%
1900sGertrude
57.7%
1910sGertrude
57.7%
1920sGertrude
57.7%
Decade name % Correct
1990sGabriella
56.5%
2000sGabriella
56.5%
1940sGail
50.1%
1950sGail
50.1%
1960sGail
50.1%
1940sGlenda
49.4%
1950sGlenda
49.4%
1960sGlenda
49.4%
1880sGladys
46.6%
1890sGladys
46.6%
1900sGladys
46.6%
1910sGladys
46.6%
1920sGladys
46.6%
1930sGladys
46.6%
1950sGwendolyn
38.1%
1960sGwendolyn
38.1%
1970sGwendolyn
37.3%
1910sGeraldine
37.3%
1920sGeraldine
37.3%
1930sGeraldine
37.3%
1940sGeraldine
37.3%
1950sGeraldine
37.3%
1970sGretchen
35.1%
1900sGenevieve
30.5%
1910sGenevieve
30.5%
1970sGinger
28.3%
1990sGabriela
28.3%
2000sGabriela
28.3%
1980sGabriela
26.8%
1880sGoldie
23.2%
1890sGoldie
23.2%
2000sGianna
20.2%

You're not logged in!

Compare scores with friends on all Sporcle quizzes.
Join for Free
OR
Log In

You Might Also Like...

Show Comments

Extras

Top Quizzes Today


Score Distribution

Your Account Isn't Verified!

In order to create a playlist on Sporcle, you need to verify the email address you used during registration. Go to your Sporcle Settings to finish the process.

Report this User

Report this user for behavior that violates our Community Guidelines.

Details: